000 00420pab a2200181 454500
008 180718b2012 xxu||||| |||| 00| 0 eng d
100 _aMeena Gopal
245 _aCaste, sexuality and labour: The troubled connection
260 _c2012
300 _ap.222-238.
362 _aMar
650 _aLabour
650 _aCaste
650 _aSexual abuse
773 _aCurrent Sociology
908 _aN
909 _a96508
999 _c96508
_d96508